Main science and technology indicators statistics/statistiques

Uložené v:
Podrobná bibliografia
Médium: Seriál
Jazyk:English
Vydavateľské údaje: Paris OECD 2003
Predmet:
Tagy: Pridať tag
Žiadne tagy, Buďte prvý, kto otaguje tento záznam!

MARC

LEADER 00000nas2a2200000 4500
001 0052656
005 20230317103900.4
022 |a 0011-792X 
041 0 |a eng 
044 |a FR 
245 1 0 |a Main science and technology indicators  |b statistics/statistiques 
264 1 |a Paris  |b OECD  |c 2003 
773 0 |w eu_un_cat*s124357 
610 2 0 |a štatistika medzinárodná 
610 2 0 |a veda 
610 2 0 |a priemysel 
610 2 0 |a ukazovatele ekonomické 
610 2 0 |a OECD publikácie